2025/26 Football League Teams - One Minute Sprint - Statistics

General Stats
  • This quiz has been taken 472 times
    101 since last reset
  • The average score is 17 of 92
Answer Stats
Team % Correct
Arsenal
90%
Manchester City
82%
Manchester United
81%
Liverpool
79%
Chelsea
70%
Aston Villa
66%
Tottenham Hotspur
58%
Newcastle United
52%
Brighton & Hove Albion
51%
Everton
49%
Wolverhampton Wanderers
48%
Brentford
44%
Leeds United
42%
Sunderland
42%
West Ham United
42%
Crystal Palace
41%
Fulham
40%
Nottingham Forest
36%
Burnley
34%
Leicester City
33%
Ipswich Town
26%
Luton Town
23%
Sheffield United
22%
Southampton
21%
Birmingham City
19%
Blackburn Rovers
19%
Bolton Wanderers
18%
Plymouth Argyle
18%
Queens Park Rangers
18%
Wigan Athletic
18%
Wrexham
18%
Hull City
16%
Coventry City
15%
Blackpool
14%
Cardiff City
14%
Norwich City
14%
Sheffield Wednesday
14%
West Bromwich Albion
14%
Derby County
12%
Millwall
12%
Stoke City
12%
Swansea City
12%
Portsmouth
11%
Preston North End
11%
AFC Bournemouth
10%
Charlton Athletic
10%
Crewe Alexandra
10%
Leyton Orient
10%
Oxford United
10%
Swindon Town
10%
AFC Wimbledon
8%
Cambridge United
8%
Salford City
8%
Watford
8%
Accrington Stanley
7%
Barnsley
7%
Oldham Athletic
7%
Reading
7%
Bristol City
5%
Burton Albion
5%
Exeter City
5%
Middlesbrough
5%
Notts County
5%
Barrow
4%
Bradford City
4%
Bristol Rovers
4%
Lincoln City
4%
Peterborough United
4%
Port Vale
4%
Cheltenham Town
3%
Harrogate Town
3%
Mansfield Town
3%
Milton Keynes Dons
3%
Stevenage
3%
Stockport County
3%
Tranmere Rovers
3%
Walsall
3%
Wycombe Wanderers
3%
Barnet
1%
Bromley
1%
Doncaster Rovers
1%
Fleetwood Town
1%
Grimsby Town
1%
Newport County
1%
Northampton Town
1%
Chesterfield
0%
Colchester United
0%
Crawley Town
0%
Gillingham
0%
Huddersfield Town
0%
Rotherham United
0%
Shrewsbury Town
0%
No matching quizzes found
Score Distribution
Percent of People with Each Score
Percentile by Number Answered
Your Score History
You have not taken this quiz since the last reset